Estatísticas para Quiz das Bahamas

Clique aqui para jogar o quiz

Estatísticas Gerais

  • Esse quiz foi jogado 297 vezes
  • A pontuação média é 11 de 16

Estatísticas das Respostas

DicaResposta% Correto
Países mais pertos das BahamasCuba
95%
Países mais pertos das BahamasEstados Unidos
94%
Língua oficialInglês
94%
Moeda oficialDólar
92%
As Bahamas foram uma colônia deste país antes de 1973Reino Unido
89%
Países mais pertos das BahamasHaiti
88%
As Bahamas foram o primeiro país do Novo Mundo a ser
explorado por este explorador em 1492
Cristóvão Colombo
85%
CapitalNassau
85%
Indústria que responde por cerca de 50% do PIBTurismo
77%
Esporte mais popularCríquete
69%
Território britânico que fica a apenas 46 km das BahamasIlhas {Turcas} e Caicos
64%
Ex-rei que serviu como governador das Bahamas de 1940
a 1945
Duque de Windsor
(Eduardo VIII)
35%
Pássaro retratado no brasão de armasFlamingo
33%
Ilha onde a capital estáNova {Providência}
30%
Segunda maior cidadeFreeport
28%
Maior ilhaNorth {Andros}
28%

Distribuição das Pontuações

Percentil de Números Respondidos

Porcentagem de Pessoas com Cada Pontuação

Sua Pontuação Histórica

Você não jogou esse quiz